Top 10 Busiest UK Airports - Statistics

General Stats
  • This quiz has been taken 2,577 times
  • The average score is 8 of 10
Answer Stats
Hint Answer % Correct
1 Heathrow
98%
3 Manchester
96%
2 Gatwick
93%
8 Glasgow International
87%
7 Birmingham International
85%
6 Edinburgh
84%
5 Luton
81%
10 Liverpool John Lennon
77%
4 Stansted
72%
9 Bristol International
58%
No matching quizzes found
Score Distribution
Percent of People with Each Score
Percentile by Number Answered
Your Score History
You have not taken this quiz